| 000 | 00830cam a2200301 4500500 | ||
|---|---|---|---|
| 005 | 20260405002824.0 | ||
| 041 | _afre | ||
| 042 | _adc | ||
| 100 | 1 | 0 |
_aSorente, Isabelle _eauthor |
| 245 | 0 | 0 | _aAvons-nous besoin des élites ? |
| 260 | _c2018. | ||
| 500 | _a60 | ||
| 690 | _aColère | ||
| 690 | _aÉgalité | ||
| 690 | _aÉlites | ||
| 690 | _aHourya Bentouhami | ||
| 690 | _aJacques Rancière | ||
| 690 | _aLibéralisme | ||
| 690 | _aMeilleurs | ||
| 690 | _aMérite | ||
| 690 | _aMéritocratie | ||
| 690 | _aMichel Onfray | ||
| 690 | _aPeuple | ||
| 690 | _aPhilippe Raynaud | ||
| 690 | _aSaint-Simon | ||
| 786 | 0 | _nPhilosophie magazine | 124 | 11 | 2018-11-01 | p. 22-23 | 1951-1787 | |
| 856 | 4 | 1 | _uhttps://shs.cairn.info/magazine-philosophie-magazine-2018-11-page-22?lang=fr&redirect-ssocas=7080 |
| 999 |
_c2061460 _d2061460 |
||